000 00804nam a22002297a 4500
999 _c1327
_d1327
003 AR-CdUCM
008 190226b ||||| |||| 00| 0 spa d
040 _aMUNICIPALIDAD PROVINCIAL DEL CUSCO
_cBIBLIOTECA MUNICIPAL DEL CUSCO
082 _a331 /
_bO36
110 _aOficina Nacional de Trabajo
_95097
245 _aEmpleo y progreso económico /
260 _aGinebra :
_bCorbaz ,
_c1964.
300 _a245 páginas ;
_c22 cm.
440 _aEstudios y documentos
_n67
_95098
505 _aVolumen y distribución regional de la fuerza de trabajo -- Desempleo -- Subempleo -- Objetivos de la política de empleo...
650 _aEmpleo
_95099
650 _aDesempleo.
_95100
650 _aSubempleo.
_95101
650 _aProblemas de empleo.
_95102
942 _2ddc
_cLIBROS
945 _awfj
_d2019-02-26